Statistiken für Autobahnausfahrten der A1

Klicken Sie hier um das Quiz zu spielen!

Allgemein

  • Dieses Quiz wurde 39 mal gespielt
  • Das Durchschnittsergebnis liegt bei 27 aus 84

Antwortstatistiken

KantonAusfahrt% Korrekt
SGWil
79%
AGBaden
64%
ZHDietikon
64%
SOHärkingen
57%
SOOensingen
57%
SGSt. Margrethen
57%
BEBern Wankdorf
50%
ZHEffretikon
50%
SGGossau
50%
BEKriegstetten
50%
BENiederbipp
50%
SORothrist
50%
SGUzwil
50%
ZHWallisellen
50%
AGWettingen
50%
AGAarau Ost
43%
AGLenzburg
43%
AGMägenwil
43%
TGMatzingen
43%
VDNyon
43%
AGOftringen
43%
SGRheineck
43%
AGSpreitenbach
43%
BEWangen
43%
VDYverdon
43%
ZHZürich Affoltern
43%
ZHZürich Nord
43%
ZHZürich Ost
43%
ZHZürich Seebach
43%
AGAarau West
36%
BEBern Bethlehem
36%
AGBirrfeld
36%
ZHBrüttisellen
36%
BEKirchberg
36%
ZHLimmattal
36%
FRMurten
36%
SGSt.Gallen Winkeln
36%
SOWiggertal
36%
ZHWinterthur Ohringen
36%
ZHWinterthur Töss
36%
ZHWinterthur Wülflingen
36%
VDAvenches
29%
VDEcublens
29%
VDEstavayer le Lac
29%
GEGenève Aéroport
29%
SOLuterbach
29%
AGNeuenhof
29%
VDPayerne
29%
BESchönbühl
29%
SGSt.Gallen St.Fiden
29%
GEVernier
29%
ZHWinterthur Nord
29%
ZHAttikon
21%
BEBern Brünnen
21%
GEBernex
21%
BEBern Neufeld
21%
GECoppet
21%
VDCossonay
21%
VDGland
21%
FRKerzers
21%
VDLa Sarraz
21%
VDLausanne Crissier
21%
SGMeggenhus
21%
BEMühleberg
21%
TGMünchwilen
21%
ZHOberwinterthur
21%
VDRolle
21%
SGSt.Gallen Kreuzbleiche
21%
VDAubonne
14%
BEBern Forsthaus
14%
BEBern Weyermannshaus
14%
VDChavornay
14%
VDEssert-Pittet
14%
GELe Vengeron
14%
GEMeyrin
14%
VDMorges Est
14%
VDMorges Ouest
14%
GEPerly
14%
GEPerly
14%
SGSt.Gallen Neudorf
14%
VDVillars Ste Croix
14%
VDYverdon Sud
14%
ZHZürich Weiningen
14%
GEGenève Aéroport Ferney
7%

Verteilung der Resultate

Perzentil nach korrekt beantworteten Fragen

Anzahl Personen mit jedem Resultat

Ihre Resultats-Entwicklung

Sie haben dieses Quiz noch nicht gespielt